Facing AIDS (Record no. 59517)
[ view plain ]
| 000 -LEADER | |
|---|---|
| fixed length control field | 00545nam a2200217Ia 4500 |
| 003 - CONTROL NUMBER IDENTIFIER | |
| control field | 0100 |
| 008 - FIXED-LENGTH DATA ELEMENTS--GENERAL INFORMATION | |
| fixed length control field | 130303s9999 xx 000 0 und d |
| 020 ## - INTERNATIONAL STANDARD BOOK NUMBER | |
| International Standard Book Number | 2825412139 |
| 040 ## - CATALOGING SOURCE | |
| Transcribing agency | ARRUPELIB |
| 050 ## - LIBRARY OF CONGRESS CALL NUMBER | |
| Classification number | BV4460.7.F33 1997 |
| 300 ## - PHYSICAL DESCRIPTION | |
| Other physical details | 23 cm. |
| 245 ## - TITLE STATEMENT | |
| Title | Facing AIDS |
| 245 ## - TITLE STATEMENT | |
| Remainder of title | the challenge, the churches' response ; a WCC study document |
| 260 ## - PUBLICATION, DISTRIBUTION, ETC. (IMPRINT) | |
| Place of publication, distribution, etc | Geneva |
| 260 ## - PUBLICATION, DISTRIBUTION, ETC. (IMPRINT) | |
| Name of publisher, distributor, etc | World Council of Churches |
| 260 ## - PUBLICATION, DISTRIBUTION, ETC. (IMPRINT) | |
| -- | 1997 |
| 300 ## - PHYSICAL DESCRIPTION | |
| Extent | 116p. |
| 650 ## - SUBJECT ADDED ENTRY--TOPICAL TERM | |
| Topical term following geographic name as entry element | Eckhart, Meister |
| 650 ## - SUBJECT ADDED ENTRY--TOPICAL TERM | |
| Location of event | Mysticism -- Germany |
| 942 ## - ADDED ENTRY ELEMENTS (KOHA) | |
| Source of classification or shelving scheme | Library of Congress Classification |
| Koha issues (borrowed), all copies | 3 |
| Withdrawn status | Lost status | Source of classification or shelving scheme | Damaged status | Not for loan | Collection code | Home library | Current library | Shelving location | Date acquired | Total Checkouts | Full call number | Barcode | Date last seen | Date checked out | Copy number | Price effective from | Koha item type |
|---|---|---|---|---|---|---|---|---|---|---|---|---|---|---|---|---|---|
| Library of Congress Classification | Main Collection | ARRUPE LIBRARY | ARRUPE LIBRARY | 05/03/2013 | 3 | BV4460.7.F33 1997 | 46003091650 | 24/01/2017 | 13/04/2015 | 1 | 05/03/2013 | Monograph ( Printed materials) |